书目信息 |
| 书名: | 1000 most challenging words | |
| 作者: | ||
| 分册号: | ||
| 分册名: | 出版地: | New York, N.Y. : |
|
| 出版社: | Facts on File Pub | |
| 出版时间: | 1987. | |
| 页数: | 322 p. ; | |
| 开本: | 24 cm. | |
| 丛书名: | ||
| 中图分类号: | ||
| 科图分类号: | ||
| 其他分类号: | H313 | |
| 主题词: | ||
| 电子资源: | ||
| 000 | 00649nam 2200229 a 4500 | |
| 001 | E0732039538 | |
| 005 | 20070228085408.56 | |
| 008 | 001 0 eng | |
| 008 | uu | |
| 008 | uu | |
| 040 | @aNLC | |
| 049 | @aN5LA | |
| 090 | @a2G-87/H316/M91//////796644/*985569/ cop.2 | |
| 090 | @aH313 | |
| 096 | @aH316 @v2 | |
| 099 | @dH313@ex50 | |
| 245 | 00 | @a1000 most challenging words |
| 260 | @aNew York, N.Y. :@bFacts on File Pub.,@c1987. | |
| 300 | @a322 p. ;@c24 cm. | |
| 700 | 1 | @aSchur, Norman W. @b00 @c20020930 @lNLC09 @h2246 @lNLC09 @h2259 @lNLC09 @h1850 |
| 852 | 9 | @bWWJC @cJ09 @k2G-87 @hH316 @iM91 |
| 852 | 9 | @bGJSS @k2G-87 @hH316 @iM91 |
| 1000 most challenging words.-New York, N.Y. : : Facts on File Pub., , 1987. |
| 322 p. ; ; 24 cm. |
| ISBN |
| ● |
| 相关链接 |
|
|
|
|
正题名:1000 most challenging words
索取号:H313/x50
 
预约/预借
| 序号 | 登录号 | 条形码 | 馆藏地/架位号 | 状态 | 备注 |
| 1 | 184177 | 001300942 | 第四借阅区/ [索取号:H313/x50] | 在馆 | |
| 2 | 184178 | 001300906 | 第二样本阅览室/ [索取号:H313/x50] | 在馆 |